Statistics for FIFA 20 - Polish Player Names

Click here to take the quiz!

General Stats

  • This quiz has been taken 174 times
  • The average score is 16 of 24

Answer Stats

SurnameName% Correct
LewandowskiRobert
100%
BłaszczykowskiJakub
83%
FabiańskiŁukasz
80%
KrychowiakGrzegorz
75%
BednarekJan
75%
PiątekKrzysztof
75%
PazdanMichał
75%
SzczęsnyWojciech
75%
SkorupskiŁukasz
73%
ZielińskiPiotr
73%
PiszczekŁukasz
70%
GóralskiJacek
69%
LinettyKarol
69%
KlichMateusz
64%
MilikArkadiusz
63%
SalamonBartosz
62%
CzerwińskiJakub
60%
GlikKamil
60%
GikiewiczRafał
58%
WilczekKamil
57%
BorucArtur
56%
GrosickiKamil
55%
TeodorczykŁukasz
55%
KapustkaBartosz
54%
GolJanusz
53%
JędrzejczykArtur
50%
SobiechArtur
50%
BereszyńskiBartosz
50%
RybusMaciej
50%
KownackiDawid
47%
DrągowskiBartłomiej
45%
ŻurkowskiSzymon
43%
NiezgodaJarosław
42%
SobotaWaldemar
40%
BielikKrystian
38%
KamińskiMarcin
38%
FrankowskiPrzemysław
38%
MierzejewskiAdrian
36%
KądziorDamian
36%
CionekThiago
36%
StarzyńskiFilip
33%
ParzyszekPiotr
33%
SzymańskiSebastian
31%
LewczukIgor
30%
TytońPrzemysław
27%
FurmanDominik
25%
RomaczukTaras
25%
KędzioraTomasz
23%
KurzawaRafał
17%
StępińskiMariusz
10%

Score Distribution

Percentile by Number Answered

Percent of People with Each Score

Your Score History

You have not taken this quiz